[Event "19. Wch 2009 Veteranos"]
[Site "Condino ITA"]
[Date "2009.10.27"]
[Round "1.28"]
[White "Onoprienko, Vladimir"]
[Black "Kayaman, Metin"]
[Result "*"]
[WhiteElo "2324"]
[BlackElo "1984"]
[PlyCount "46"]
[EventDate "2009.10.27"]
[EventType "swiss"]
[EventRounds "11"]
[EventCountry "ITA"]
[Source "lmi"]
[SourceDate "2009.10.27"]

1. e4 d6 2. d4 Nf6 3. Nc3 g6 4. Bg5 Bg7 5. e5 Nfd7 6. Nd5 f6 7. exf6 Nxf6 8.
Nxf6+ exf6 9. Be3 Be6 10. h4 Nd7 11. Nh3 Bf7 12. Nf4 Qe7 13. Qf3 c6 14. O-O-O
O-O-O 15. Rd3 Kb8 16. Ra3 Nb6 17. Bd3 Nd5 18. Nxd5 Bxd5 19. Qg3 Be4 20. d5 Bxd5
21. c4 Bf7 22. Bxa7+ Kc8 23. Rd1 Bh6+ *

[Event "19. Wch 2009 Veteranos"]
[Site "Condino ITA"]
[Date "2009.10.27"]
[Round "1.30"]
[White "Busu, Corneliu"]
[Black "Salvo, Guglielmo"]
[Result "1-0"]
[WhiteElo "2320"]
[BlackElo "1976"]
[PlyCount "83"]
[EventDate "2009.10.27"]
[EventType "swiss"]
[EventRounds "11"]
[EventCountry "ITA"]
[Source "lmi"]
[SourceDate "2009.10.27"]

1. d4 d5 2. c4 Nf6 3. Nc3 Bf5 4. Nf3 e6 5. Bg5 Be7 6. e3 h6 7. Bxf6 Bxf6 8.
cxd5 exd5 9. Qb3 b6 10. Qxd5 Qxd5 11. Nxd5 Bd8 12. Rc1 c6 13. Nb4 Be4 14. Ne5
a5 15. Nbxc6 Nxc6 16. Nxc6 O-O 17. Nxd8 Rfxd8 18. f3 Bd5 19. a3 Rac8 20. Rxc8
Rxc8 21. Kd2 Bb3 22. Bd3 Kf8 23. Rc1 Rxc1 24. Kxc1 f6 25. Kd2 Ke7 26. Kc3 Be6
27. e4 Kd6 28. f4 Bd7 29. Bc4 g5 30. g3 Bh3 31. e5+ Ke7 32. d5 fxe5 33. fxe5
Bg2 34. Kd4 Bh3 35. Be2 Bf5 36. g4 Bc8 37. h3 Bb7 38. Bd3 Kf7 39. Bf5 Ke8 40.
e6 Ba6 41. d6 Bb5 42. Bg6+ 1-0

[Event "19. Wch 2009 Veteranos"]
[Site "Condino ITA"]
[Date "2009.10.27"]
[Round "1.32"]
[White "Jorgensen, Jorgen"]
[Black "Zachariassen, John"]
[Result "1-0"]
[WhiteElo "2315"]
[BlackElo "1973"]
[PlyCount "59"]
[EventDate "2009.10.27"]
[EventType "swiss"]
[EventRounds "11"]
[EventCountry "ITA"]
[Source "lmi"]
[SourceDate "2009.10.27"]

1. Nf3 g6 2. d4 Bg7 3. c4 d6 4. Nc3 Nd7 5. g3 Ngf6 6. Bg2 O-O 7. O-O e5 8. e4
c6 9. h3 Qe7 10. Re1 Rb8 11. Bg5 h6 12. Be3 a6 13. c5 Nh5 14. cxd6 Qxd6 15.
dxe5 Qb4 16. Qc2 g5 17. e6 fxe6 18. e5 Qe7 19. Ne4 Rd8 20. Nexg5 hxg5 21. Bxg5
Nhf6 22. exf6 Nxf6 23. Ne5 Bd7 24. Re2 Rf8 25. Qg6 Be8 26. Qc2 Qd6 27. Ng6 Bxg6
28. Qxg6 Rbe8 29. Bxf6 Rxf6 30. Qxe8+ 1-0

[Event "19. Wch 2009 Veteranos"]
[Site "Condino ITA"]
[Date "2009.10.27"]
[Round "1.39"]
[White "Morrow, Hans M"]
[Black "Mueller, Rudolf"]
[Result "0-1"]
[WhiteElo "1950"]
[BlackElo "2266"]
[PlyCount "68"]
[EventDate "2009.10.27"]
[EventType "swiss"]
[EventRounds "11"]
[EventCountry "ITA"]
[Source "lmi"]
[SourceDate "2009.10.27"]

1. e4 e5 2. Nf3 Nc6 3. Bb5 a6 4. Ba4 Nf6 5. O-O b5 6. Bb3 Bc5 7. d3 Bb7 8. Bg5
h6 9. Bh4 g5 10. Bg3 d6 11. Nc3 Na5 12. Nd2 Qe7 13. a4 b4 14. Ne2 h5 15. h3 h4
16. Bh2 g4 17. hxg4 Nxg4 18. Nf3 Nxb3 19. cxb3 Rg8 20. Rc1 Qf6 21. Rxc5 dxc5
22. Kh1 O-O-O 23. Qc2 Qd6 24. d4 Nxh2 25. Nxh2 Qg6 26. Nf4 exf4 27. f3 Rxd4 28.
Ng4 Qd6 29. e5 Qe7 30. Qf5+ Kb8 31. Rf2 Bc8 32. Qh7 Rxg4 33. fxg4 Qxe5 34. Qxh4
Qe1+ 0-1

[Event "19. Wch 2009 Veteranos"]
[Site "Condino ITA"]
[Date "2009.10.27"]
[Round "1.41"]
[White "Weller, Friedhelm"]
[Black "Loktiev, Ivan"]
[Result "0-1"]
[WhiteElo "1947"]
[BlackElo "2261"]
[PlyCount "68"]
[EventDate "2009.10.27"]
[EventType "swiss"]
[EventRounds "11"]
[EventCountry "ITA"]
[Source "lmi"]
[SourceDate "2009.10.27"]

1. e4 c5 2. Nf3 e6 3. d4 cxd4 4. Nxd4 a6 5. Bd3 Qc7 6. O-O Nf6 7. h3 Bc5 8. Be3
d6 9. c3 Ba7 10. Nc2 Nbd7 11. Bxa7 Rxa7 12. Ne3 Nc5 13. Qc2 b5 14. Nd2 Bb7 15.
Rae1 O-O 16. a3 Raa8 17. Nd1 Rac8 18. Re3 Nxd3 19. Qxd3 Nd7 20. Qe2 Ne5 21. f4
Nc4 22. Nxc4 Qxc4 23. Qxc4 Rxc4 24. Nf2 Rd8 25. b3 Rcc8 26. Rd1 Kf8 27. Red3
Ke7 28. Ng4 Bxe4 29. Rd4 Bc2 30. Re1 Bxb3 31. f5 Rc5 32. fxe6 fxe6 33. Ne5 g6
34. Ng4 Rf8 0-1

[Event "19. Wch 2009 Veteranos"]
[Site "Condino ITA"]
[Date "2009.10.27"]
[Round "1.49"]
[White "Nielsen, Peter"]
[Black "Ivanets, Vladimir"]
[Result "0-1"]
[WhiteElo "1894"]
[BlackElo "2231"]
[PlyCount "56"]
[EventDate "2009.10.27"]
[EventType "swiss"]
[EventRounds "11"]
[EventCountry "ITA"]
[Source "lmi"]
[SourceDate "2009.10.27"]

1. e4 c5 2. Nc3 a6 3. g3 b5 4. Bg2 Bb7 5. d3 Nf6 6. Bd2 e6 7. f4 d6 8. Nf3 Nc6
9. O-O Be7 10. Re1 O-O 11. e5 dxe5 12. Nxe5 Rc8 13. Nxc6 Bxc6 14. Bxc6 Rxc6 15.
Qf3 Rc8 16. Rad1 Nd5 17. Ne4 Nb4 18. Bxb4 cxb4 19. Re2 Qa5 20. Ra1 Bc5+ 21.
Nxc5 Rxc5 22. d4 Rd5 23. c3 Rc8 24. Re3 bxc3 25. bxc3 b4 26. Rae1 bxc3 27. Re5
Rxe5 28. Rxe5 Qxe5 0-1

[Event "19. Wch 2009 Veteranos"]
[Site "Condino ITA"]
[Date "2009.10.27"]
[Round "1.50"]
[White "Karl, Hans"]
[Black "Papa, Angelo"]
[Result "1-0"]
[WhiteElo "2229"]
[BlackElo "1890"]
[PlyCount "54"]
[EventDate "2009.10.27"]
[EventType "swiss"]
[EventRounds "11"]
[EventCountry "ITA"]
[Source "lmi"]
[SourceDate "2009.10.27"]

1. d4 g6 2. e4 Bg7 3. Nc3 c6 4. Nge2 d5 5. f3 dxe4 6. fxe4 Bg4 7. Be3 Qb6 8.
Qd2 Bxe2 9. Bxe2 Nd7 10. O-O Qc7 11. Bc4 Ngf6 12. e5 Nd5 13. Nxd5 cxd5 14. Bxd5
e6 15. Bb3 O-O 16. Bh6 Bxh6 17. Qxh6 Qb6 18. Rf4 f5 19. exf6 Rxf6 20. Rxf6 Nxf6
21. Qf4 Nd5 22. Qe5 Rd8 23. Re1 Qd6 24. Qxe6+ Qxe6 25. Rxe6 Kf8 26. c3 b5 27.
Ra6 b4 1-0

[Event "19. Wch 2009 Veteranos"]
[Site "Condino ITA"]
[Date "2009.10.27"]
[Round "1.51"]
[White "Rave, Avraham"]
[Black "Rosino, Antonio"]
[Result "0-1"]
[WhiteElo "1878"]
[BlackElo "2229"]
[PlyCount "80"]
[EventDate "2009.10.27"]
[EventType "swiss"]
[EventRounds "11"]
[EventCountry "ITA"]
[Source "lmi"]
[SourceDate "2009.10.27"]

1. d4 Nf6 2. Nf3 g6 3. c4 Bg7 4. e3 O-O 5. Nc3 d5 6. cxd5 Nxd5 7. Bc4 Nb6 8.
Be2 Nc6 9. O-O e5 10. dxe5 Qe7 11. a3 Nxe5 12. Qc2 Be6 13. b3 Bg4 14. Nd4 c5
15. Nf3 Nxf3+ 16. Bxf3 Bxf3 17. gxf3 Qg5+ 18. Kh1 Qf6 19. Bb2 Qxf3+ 20. Kg1
Rfe8 21. Qd1 Qh3 22. Rb1 Be5 23. f4 Bxc3 24. Rf3 Qg4+ 25. Kf2 Rad8 26. Bxc3
Rxd1 27. Rxd1 Qh4+ 28. Kg2 Rd8 29. Rdf1 Rd3 30. Be1 Qe7 31. Bf2 Nd5 32. Re1
Rxb3 33. e4 Rxf3 34. Kxf3 Nc3 35. h4 b5 36. f5 b4 37. e5 b3 38. e6 fxe6 39.
Rxe6 Qxe6 40. fxe6 b2 0-1

[Event "19. Wch 2009 Veteranos"]
[Site "Condino ITA"]
[Date "2009.10.27"]
[Round "1.52"]
[White "Sawadkuhi, Massoud Amir"]
[Black "Van Haaften, Adriaan"]
[Result "1-0"]
[WhiteElo "2228"]
[BlackElo "1875"]
[PlyCount "45"]
[EventDate "2009.10.27"]
[EventType "swiss"]
[EventRounds "11"]
[EventCountry "ITA"]
[Source "lmi"]
[SourceDate "2009.10.27"]

1. e4 c5 2. Nf3 e6 3. c3 a6 4. d4 cxd4 5. cxd4 d6 6. Nc3 Be7 7. Bd3 Nf6 8. Bg5
Nfd7 9. h4 Nc6 10. Rc1 h6 11. Be3 Nf6 12. Nd2 Bd7 13. O-O Qa5 14. e5 dxe5 15.
Nc4 Qd8 16. dxe5 Nd5 17. Qg4 g5 18. Ne4 h5 19. Qf3 Kf8 20. Nxg5 f5 21. exf6
Bxf6 22. Nh7+ Kf7 23. Qxh5+ 1-0

[Event "19. Wch 2009 Veteranos"]
[Site "Condino ITA"]
[Date "2009.10.27"]
[Round "1.61"]
[White "Keze, Arnis"]
[Black "Buxade, Roca Guillermo"]
[Result "0-1"]
[WhiteElo "1831"]
[BlackElo "2175"]
[PlyCount "54"]
[EventDate "2009.10.27"]
[EventType "swiss"]
[EventRounds "11"]
[EventCountry "ITA"]
[Source "lmi"]
[SourceDate "2009.10.27"]

1. d4 d5 2. c4 c6 3. Nc3 Nf6 4. cxd5 cxd5 5. Nf3 g6 6. Bf4 Bg7 7. Bxb8 Rxb8 8.
Qa4+ Bd7 9. Qxa7 O-O 10. e3 Ra8 11. Qc5 e6 12. Bd3 Re8 13. O-O Bf8 14. Nxd5
Bxc5 15. Nxf6+ Qxf6 16. dxc5 Bc6 17. Nd4 Red8 18. b3 e5 19. Nxc6 Rxd3 20. Nb4
Rd2 21. Rac1 Rad8 22. c6 bxc6 23. Rxc6 Qe7 24. Nc2 Qd7 25. Rc4 Qd3 26. Nb4 Qe2
27. Rcc1 Rd1 0-1

[Event "19. Wch 2009 Veteranos"]
[Site "Condino ITA"]
[Date "2009.10.27"]
[Round "1.71"]
[White "Strohbusch, Frank"]
[Black "Blaushtain, Boris"]
[Result "0-1"]
[WhiteElo "1777"]
[BlackElo "2155"]
[PlyCount "52"]
[EventDate "2009.10.27"]
[EventType "swiss"]
[EventRounds "11"]
[EventCountry "ITA"]
[Source "lmi"]
[SourceDate "2009.10.27"]

1. e4 e6 2. d4 d5 3. Nc3 Nf6 4. e5 Nfd7 5. f4 c5 6. Nf3 Nc6 7. Be3 cxd4 8. Nxd4
Be7 9. Be2 Nc5 10. Bf3 f6 11. O-O fxe5 12. Nxc6 bxc6 13. fxe5 O-O 14. Qd2 a5
15. b3 Rb8 16. a3 Nd7 17. Bf4 Ba6 18. Rfe1 Bc5+ 19. Kh1 Qe7 20. Ne2 Bxe2 21.
Bxe2 Bxa3 22. Reb1 Bb4 23. c3 Rxf4 24. cxb4 Qxb4 25. Qc2 Nc5 26. Bc4 Rf5 0-1

[Event "19. Wch 2009 Veteranos"]
[Site "Condino ITA"]
[Date "2009.10.27"]
[Round "1.76"]
[White "Nordby, Bernt"]
[Black "Zanin, Umberto"]
[Result "1-0"]
[WhiteElo "2137"]
[BlackElo "1700"]
[PlyCount "75"]
[EventDate "2009.10.27"]
[EventType "swiss"]
[EventRounds "11"]
[EventCountry "ITA"]
[Source "lmi"]
[SourceDate "2009.10.27"]

1. d4 c6 2. c4 d6 3. Nc3 g6 4. e4 Bg7 5. Be2 Nf6 6. Nf3 Bg4 7. Be3 O-O 8. O-O
a6 9. Rc1 Nbd7 10. a4 Nb6 11. b3 Rb8 12. Qc2 Qc7 13. Rfd1 Rfd8 14. h3 Bd7 15.
a5 Na8 16. b4 Qc8 17. e5 Bf5 18. Bd3 Bxd3 19. Rxd3 dxe5 20. dxe5 Ne8 21. Ba7
Qe6 22. Bxb8 Rxb8 23. Ne4 Nac7 24. Nc5 Qf5 25. Qe2 Ne6 26. Nxe6 Qxe6 27. Qe3 f5
28. Qc5 Bh6 29. Rcd1 Kf7 30. Rd7 Ng7 31. Rc7 Ne8 32. Nd4 Nxc7 33. Nxe6 Nxe6 34.
Qa7 Rd8 35. Rxd8 Nxd8 36. Qb8 Ke8 37. e6 Bd2 38. Qc8 1-0

[Event "19. Wch 2009 Veteranos"]
[Site "Condino ITA"]
[Date "2009.10.27"]
[Round "1.77"]
[White "Trifoni, Giorgio"]
[Black "Laco, Giuseppe"]
[Result "0-1"]
[WhiteElo "1639"]
[BlackElo "2127"]
[PlyCount "58"]
[EventDate "2009.10.27"]
[EventType "swiss"]
[EventRounds "11"]
[EventCountry "ITA"]
[Source "lmi"]
[SourceDate "2009.10.27"]

1. Nf3 c5 2. b3 d5 3. Bb2 Nc6 4. e3 a6 5. Be2 Qd6 6. d4 cxd4 7. Nxd4 e5 8. Ba3
Qf6 9. Bxf8 exd4 10. Bxg7 Qxg7 11. O-O Nge7 12. exd4 Bh3 13. Bf3 Rg8 14. g3
Bxf1 15. Qxf1 Nxd4 16. Nd2 Nxc2 17. Rc1 Nd4 18. Qh3 Ndc6 19. Re1 Rd8 20. Qg2
Kf8 21. Rd1 Nd4 22. a4 Qf6 23. Rc1 Rg5 24. Rc3 Ne2+ 25. Bxe2 Qxc3 26. Nf3 Rg7
27. Bd1 Qa1 28. Qf1 Rc8 29. Ne5 Qxe5 0-1

[Event "19. Wch 2009 Veteranos"]
[Site "Condino ITA"]
[Date "2009.10.27"]
[Round "1.80"]
[White "Kulago, Alexander"]
[Black "Soluri, Francesco"]
[Result "1-0"]
[WhiteElo "2117"]
[BlackElo "1542"]
[PlyCount "63"]
[EventDate "2009.10.27"]
[EventType "swiss"]
[EventRounds "11"]
[EventCountry "ITA"]
[Source "lmi"]
[SourceDate "2009.10.27"]

1. Nf3 Nf6 2. c4 c5 3. Nc3 Nc6 4. d4 cxd4 5. Nxd4 e5 6. Ndb5 d6 7. Bg5 a6 8.
Bxf6 gxf6 9. Na3 Be6 10. e4 Bh6 11. Qh5 Bf8 12. Nc2 Qb6 13. Rb1 O-O-O 14. Ne3
Qa5 15. Be2 Nb4 16. O-O Be7 17. a3 Nc6 18. Ncd5 Bxd5 19. Nxd5 Rdf8 20. b4 Qxa3
21. b5 axb5 22. cxb5 Nd4 23. Nxe7+ Kb8 24. Nf5 Nxe2+ 25. Qxe2 h5 26. Qe3 Qxe3
27. Nxe3 h4 28. Rfd1 Rd8 29. Rd2 h3 30. g3 Rd7 31. Rbd1 Rhd8 32. b6 1-0

[Event "19. Wch 2009 Veteranos"]
[Site "Condino ITA"]
[Date "2009.10.27"]
[Round "1.82"]
[White "Muratoglu, Salih"]
[Black "Pedersen, Johannes Vestergaar"]
[Result "1-0"]
[WhiteElo "2111"]
[BlackElo "1519"]
[PlyCount "37"]
[EventDate "2009.10.27"]
[EventType "swiss"]
[EventRounds "11"]
[EventCountry "ITA"]
[Source "lmi"]
[SourceDate "2009.10.27"]

1. e4 c5 2. f4 g6 3. Nf3 Bg7 4. Nc3 Nc6 5. Bc4 e6 6. a3 Nge7 7. e5 d6 8. Qe2 d5
9. Bb3 a6 10. d3 O-O 11. O-O b5 12. Qf2 d4 13. Ne4 Nd5 14. Nxc5 Qb6 15. Bxd5
Qxc5 16. Bxc6 Qxc6 17. Nxd4 Qc7 18. c3 Bb7 19. Be3 1-0

[Event "19. Wch 2009 Veteranos"]
[Site "Condino ITA"]
[Date "2009.10.27"]
[Round "1.83"]
[White "Lisandri, Luigi"]
[Black "Taksrud, Vidar"]
[Result "0-1"]
[WhiteElo "1480"]
[BlackElo "2111"]
[PlyCount "48"]
[EventDate "2009.10.27"]
[EventType "swiss"]
[EventRounds "11"]
[EventCountry "ITA"]
[Source "lmi"]
[SourceDate "2009.10.27"]

1. c4 e5 2. b3 Nc6 3. Bb2 Nf6 4. Nc3 Bc5 5. e3 O-O 6. g3 Re8 7. Bg2 e4 8. a3 a5
9. Nge2 Ne5 10. Nc1 d5 11. cxd5 Bg4 12. N3e2 Nd3+ 13. Nxd3 exd3 14. h3 Bxe2 15.
Qb1 Nxd5 16. Ra2 c6 17. Qa1 Bf8 18. Qc1 Qg5 19. Bd4 Rad8 20. Qc4 b5 21. Qxc6
Rc8 22. Qxc8 Rxc8 23. Ra1 Bxa3 24. f3 Qxg3# 0-1

[Event "19. Wch 2009 Veteranos"]
[Site "Condino ITA"]
[Date "2009.10.27"]
[Round "1.84"]
[White "Welz, Peter Dr"]
[Black "Recubini, Dante"]
[Result "1-0"]
[WhiteElo "2101"]
[BlackElo "1463"]
[PlyCount "67"]
[EventDate "2009.10.27"]
[EventType "swiss"]
[EventRounds "11"]
[EventCountry "ITA"]
[Source "lmi"]
[SourceDate "2009.10.27"]

1. e4 e5 2. Nf3 Nc6 3. d4 exd4 4. Nxd4 Nxd4 5. Qxd4 d6 6. Nc3 Nf6 7. Bf4 c5 8.
Qd2 Be7 9. O-O-O O-O 10. Bxd6 Bxd6 11. Qxd6 Qxd6 12. Rxd6 Ng4 13. Rd2 Be6 14.
h3 Ne5 15. f4 Nc6 16. Nd5 b6 17. c3 Rad8 18. Bb5 Na5 19. Rhd1 Bxd5 20. Rxd5
Rxd5 21. Rxd5 g6 22. e5 Ra8 23. g4 a6 24. Be2 Nb7 25. Rd7 Nd8 26. Bf3 Rb8 27.
Bd5 a5 28. f5 gxf5 29. gxf5 h6 30. e6 fxe6 31. fxe6 Nxe6 32. Bxe6+ Kf8 33. Rf7+
Kg8 34. Rb7+ 1-0

[Event "19. Wch 2009 Veteranos"]
[Site "Condino ITA"]
[Date "2009.10.28"]
[Round "2.1"]
[White "Tseshkovsky, Vitaly"]
[Black "Karl, Hans"]
[Result "1-0"]
[WhiteElo "2549"]
[BlackElo "2229"]
[PlyCount "69"]
[EventDate "2009.10.27"]
[EventType "swiss"]
[EventRounds "11"]
[EventCountry "ITA"]
[Source "lmi"]
[SourceDate "2009.10.27"]

1. e4 e5 2. Nf3 Nc6 3. Bc4 Nf6 4. d3 Bc5 5. c3 d6 6. a4 a5 7. O-O Qe7 8. Na3
O-O 9. Nc2 Be6 10. b3 d5 11. exd5 Bxd5 12. Bg5 Bxc4 13. bxc4 h6 14. Bh4 Rad8
15. Ne3 Qe6 16. Bxf6 Qxf6 17. Nd5 Qd6 18. Re1 Rde8 19. Ra2 e4 20. Rae2 f5 21.
dxe4 fxe4 22. Rxe4 Rxe4 23. Rxe4 Qg6 24. Qe2 Bd6 25. g3 Qf7 26. Kg2 b6 27. Nd4
Ne5 28. f4 Nd7 29. Ne7+ Kh7 30. f5 Nc5 31. Re3 Re8 32. f6 Qxf6 33. Qc2+ g6 34.
Nd5 Qf7 35. Rxe8 1-0

[Event "19. Wch 2009 Veteranos"]
[Site "Condino ITA"]
[Date "2009.10.28"]
[Round "2.2"]
[White "Ivanets, Vladimir"]
[Black "Suba, Mihai"]
[Result "0-1"]
[WhiteElo "2231"]
[BlackElo "2501"]
[PlyCount "76"]
[EventDate "2009.10.27"]
[EventType "swiss"]
[EventRounds "11"]
[EventCountry "ITA"]
[Source "lmi"]
[SourceDate "2009.10.27"]

1. b4 e5 2. Bb2 Bxb4 3. Bxe5 Nf6 4. Nf3 O-O 5. e3 d5 6. Be2 c5 7. O-O Nc6 8.
Bb2 Qe7 9. c4 dxc4 10. Bxc4 Bg4 11. Be2 Rfd8 12. Qc2 Rac8 13. a3 Ba5 14. h3 Bh5
15. Qa4 a6 16. Qh4 Bg6 17. d4 cxd4 18. Nxd4 Nxd4 19. Bxd4 Nd5 20. Qxe7 Nxe7 21.
Bf3 b6 22. Be2 Nf5 23. Be5 Rc2 24. Bxa6 Nxe3 25. fxe3 Be4 26. Bd4 Rxd4 27. exd4
Rxg2+ 28. Kh1 Ra2+ 29. Kg1 Rxa1 30. Nd2 Rxf1+ 31. Nxf1 Bc3 32. a4 Bxd4+ 33. Kh2
Be5+ 34. Kg1 Bc6 35. Bb5 Bxb5 36. axb5 Bf4 37. Kf2 g5 38. Kf3 f5 0-1

[Event "19. Wch 2009 Veteranos"]
[Site "Condino ITA"]
[Date "2009.10.28"]
[Round "2.4"]
[White "Rosino, Antonio"]
[Black "Pushkov, Nikolai"]
[Result "0-1"]
[WhiteElo "2229"]
[BlackElo "2499"]
[PlyCount "96"]
[EventDate "2009.10.27"]
[EventType "swiss"]
[EventRounds "11"]
[EventCountry "ITA"]
[Source "lmi"]
[SourceDate "2009.10.27"]

1. e4 e6 2. d4 d5 3. Nc3 Nf6 4. e5 Nfd7 5. f4 c5 6. Nf3 Nc6 7. Be3 Be7 8. Qd2
a6 9. Bd3 b5 10. dxc5 Bxc5 11. Bxc5 Nxc5 12. O-O b4 13. Ne2 Qb6 14. Kh1 a5 15.
Rfe1 Ba6 16. Ng3 g6 17. Bxa6 Rxa6 18. f5 gxf5 19. Qh6 Ne7 20. Ng5 Ra8 21. Nxf7
Rf8 22. Ng5 Kd7 23. Nxh7 Rh8 24. Nf6+ Kc6 25. Qe3 Rh4 26. Ne2 Rah8 27. Nd4+ Kb7
28. Nf3 R4h6 29. c3 Ne4 30. cxb4 axb4 31. Rac1 Nf2+ 32. Kg1 Nd3 33. Qxb6+ Kxb6
34. Nd7+ Ka5 35. Red1 Nxc1 36. Rxc1 Rc8 37. Nc5 Kb6 38. Nd7+ Ka7 39. Rxc8 Nxc8
40. Nd4 Nb6 41. Nc5 Nc4 42. b3 Nxe5 43. Ncxe6 Kb6 44. Nf4 Kc5 45. Nxf5 Rf6 46.
g4 Nxg4 47. Nd3+ Kb6 48. Nd4 Ne3 0-1

[Event "19. Wch 2009 Veteranos"]
[Site "Condino ITA"]
[Date "2009.10.28"]
[Round "2.5"]
[White "Vasiukov, Evgeni"]
[Black "Van Den Berg, Ad"]
[Result "1-0"]
[WhiteElo "2485"]
[BlackElo "2220"]
[PlyCount "50"]
[EventDate "2009.10.27"]
[EventType "swiss"]
[EventRounds "11"]
[EventCountry "ITA"]
[Source "lmi"]
[SourceDate "2009.10.27"]

1. b4 e5 2. Bb2 e4 3. c4 Nf6 4. a3 a5 5. b5 Bc5 6. e3 O-O 7. Nc3 Re8 8. g4 d6
9. g5 Nfd7 10. Qc2 f5 11. gxf6 Nxf6 12. O-O-O Bf5 13. Nge2 Nbd7 14. f4 Nb6 15.
Ng3 Qd7 16. Nxf5 Qxf5 17. Rg1 Re7 18. Ne2 Rf8 19. Rg5 Qe6 20. Ng3 h6 21. Rg6
Nbd7 22. Bg2 Qf7 23. Nf5 Qxg6 24. Nxe7+ Kh7 25. Nf5 Qf7 1-0

[Event "19. Wch 2009 Veteranos"]
[Site "Condino ITA"]
[Date "2009.10.28"]
[Round "2.6"]
[White "Acers, Jude"]
[Black "Gutman, Lev"]
[Result "1/2-1/2"]
[WhiteElo "2226"]
[BlackElo "2457"]
[PlyCount "120"]
[EventDate "2009.10.27"]
[EventType "swiss"]
[EventRounds "11"]
[EventCountry "ITA"]
[Source "lmi"]
[SourceDate "2009.10.27"]

1. d4 Nf6 2. Nc3 d5 3. Bg5 Nbd7 4. Qd3 c6 5. e4 dxe4 6. Nxe4 Nxe4 7. Qxe4 Nf6
8. Bxf6 Qa5+ 9. c3 gxf6 10. Bc4 Qf5 11. Qxf5 Bxf5 12. Ne2 e6 13. Rd1 Bc2 14.
Rd2 Be4 15. O-O Bh6 16. f4 O-O-O 17. Ng3 Bd5 18. Bxd5 Rxd5 19. Re2 f5 20. Nh5
Bf8 21. b4 Be7 22. Rf3 b6 23. Re5 Rd7 24. Rg3 Bd6 25. Re1 c5 26. bxc5 bxc5 27.
Kf1 cxd4 28. cxd4 Bc7 29. Rd1 Bb6 30. Rgd3 Rd5 31. Nf6 Ra5 32. a3 Ra4 33. g3 h5
34. d5 h4 35. Kg2 Rc4 36. R1d2 hxg3 37. hxg3 Bd8 38. Nd7 Kxd7 39. dxe6+ Kc8 40.
exf7 Ba5 41. Re2 Re4 42. Rde3 Rf8 43. Rxe4 fxe4 44. Rxe4 Rxf7 45. g4 Rd7 46. g5
Bd8 47. Kf3 Be7 48. a4 Kd8 49. Kg4 Rd1 50. Kh5 Rg1 51. Kg6 Ke8 52. Kg7 Rg4 53.
g6 a5 54. Re5 Rxf4 55. Rxa5 Bf6+ 56. Kg8 Rg4 57. Ra8+ Ke7 58. Ra7+ Ke6 59. g7
Bxg7 60. Rxg7 Rxa4 1/2-1/2

[Event "19. Wch 2009 Veteranos"]
[Site "Condino ITA"]
[Date "2009.10.28"]
[Round "2.7"]
[White "Danner, Georg"]
[Black "Vogel, Jaap"]
[Result "1-0"]
[WhiteElo "2440"]
[BlackElo "2213"]
[PlyCount "57"]
[EventDate "2009.10.27"]
[EventType "swiss"]
[EventRounds "11"]
[EventCountry "ITA"]
[Source "lmi"]
[SourceDate "2009.10.27"]

1. d4 e6 2. Nf3 Nf6 3. e3 b6 4. Bd3 Bb7 5. O-O c5 6. c4 d6 7. Nc3 Be7 8. d5 e5
9. e4 h6 10. g3 Bc8 11. Nh4 g5 12. Nf5 Bxf5 13. exf5 Nbd7 14. Qe2 a6 15. Bd2
Qc7 16. a3 Rg8 17. Rab1 h5 18. f3 g4 19. f4 O-O-O 20. b4 e4 21. Bc2 h4 22. Na4
hxg3 23. hxg3 Rh8 24. bxc5 bxc5 25. Qe1 Rh3 26. Ba5 Rxg3+ 27. Qxg3 Qxa5 28. Qb3
Qc7 29. Nb6+ 1-0

[Event "19. Wch 2009 Veteranos"]
[Site "Condino ITA"]
[Date "2009.10.28"]
[Round "2.8"]
[White "Zoltek, Tadeusz"]
[Black "Kuindzhy, Alexander"]
[Result "0-1"]
[WhiteElo "2214"]
[BlackElo "2420"]
[PlyCount "38"]
[EventDate "2009.10.27"]
[EventType "swiss"]
[EventRounds "11"]
[EventCountry "ITA"]
[Source "lmi"]
[SourceDate "2009.10.27"]

1. c4 e6 2. Nf3 Nf6 3. Nc3 Bb4 4. Qc2 c5 5. e3 O-O 6. a3 Bxc3 7. Qxc3 Nc6 8.
Be2 d5 9. O-O d4 10. Qc2 e5 11. d3 Bg4 12. h3 Bh5 13. g4 Nxg4 14. hxg4 Bxg4 15.
e4 f5 16. Nh2 Bh3 17. Rd1 fxe4 18. dxe4 Rxf2 19. Qd3 Qh4 0-1

[Event "19. Wch 2009 Veteranos"]
[Site "Condino ITA"]
[Date "2009.10.28"]
[Round "2.9"]
[White "Shvedchikov, Anatoli I"]
[Black "Hohler, Peter"]
[Result "1-0"]
[WhiteElo "2411"]
[BlackElo "2200"]
[PlyCount "193"]
[EventDate "2009.10.27"]
[EventType "swiss"]
[EventRounds "11"]
[EventCountry "ITA"]
[Source "lmi"]
[SourceDate "2009.10.27"]

1. c4 e5 2. Nc3 d6 3. d4 Nd7 4. Nf3 Ngf6 5. e3 Be7 6. Be2 c6 7. Qc2 Qc7 8. O-O
O-O 9. b4 a6 10. Bb2 Re8 11. Rfc1 b6 12. b5 Bb7 13. bxc6 Qxc6 14. Qd1 Rac8 15.
a4 Bd8 16. Ba3 exd4 17. exd4 Ne4 18. Nxe4 Qxe4 19. Rc2 Qf4 20. Bc1 Qf5 21. Be3
Nf8 22. Bd3 Be4 23. Bxe4 Qxe4 24. Rb1 Nd7 25. h3 Bf6 26. Rcc1 Qc6 27. Qb3 Rb8
28. Qa3 Be7 29. Qa2 Bf6 30. Nd2 h6 31. a5 bxa5 32. Qxa5 Rxb1 33. Rxb1 Rb8 34.
Ra1 Ra8 35. Qf5 Bd8 36. Nb3 Nf6 37. Qd3 Qe4 38. Qc3 Qb7 39. Na5 Qc7 40. Qd3 Qd7
41. d5 Bxa5 42. Rxa5 Qc7 43. Qa3 Qxc4 44. Qxd6 Qc8 45. Qe5 Qb7 46. d6 Qb4 47.
Ra1 Re8 48. Qd4 Qxd4 49. Bxd4 Ra8 50. Ra5 Nd7 51. f4 g6 52. Kf2 f5 53. g4 fxg4
54. hxg4 Kf7 55. f5 gxf5 56. gxf5 h5 57. Kf3 Nf8 58. Kf4 Nd7 59. Ra1 a5 60. Re1
Re8 61. Rc1 Ra8 62. Rc7 Ke8 63. f6 Ra6 64. Be5 Nxf6 65. Re7+ Kd8 66. Bxf6 Rxd6
67. Ke5 Rd7 68. Re6+ Kc7 69. Ra6 Rd1 70. Rxa5 Re1+ 71. Kd5 Rd1+ 72. Bd4 h4 73.
Ra7+ Kd8 74. Rh7 h3 75. Rxh3 Rd2 76. Rh7 Rd1 77. Ke4 Re1+ 78. Kf5 Kc8 79. Be5
Rg1 80. Rc7+ Kd8 81. Ke6 Rg6+ 82. Kd5 Rg1 83. Rf7 Rd1+ 84. Ke6 Kc8 85. Rc7+ Kd8
86. Rb7 Rc1 87. Rb4 Rc2 88. Bf4 Re2+ 89. Kd6 Ke8 90. Rb7 Re1 91. Be5 Kf8 92.
Ke6 Kg8 93. Rg7+ Kf8 94. Rh7 Rg1 95. Rb7 Kg8 96. Rb8+ Kh7 97. Rh8+ 1-0

[Event "19. Wch 2009 Veteranos"]
[Site "Condino ITA"]
[Date "2009.10.28"]
[Round "2.10"]
[White "Zelkind, Eduard"]
[Black "Klovans, Janis"]
[Result "0-1"]
[WhiteElo "2205"]
[BlackElo "2408"]
[PlyCount "64"]
[EventDate "2009.10.27"]
[EventType "swiss"]
[EventRounds "11"]
[EventCountry "ITA"]
[Source "lmi"]
[SourceDate "2009.10.27"]

1. e4 e5 2. Nf3 Nc6 3. Bc4 Nf6 4. Ng5 d5 5. exd5 Na5 6. Bb5+ c6 7. dxc6 bxc6 8.
Bd3 Nd5 9. Nf3 Bd6 10. Nc3 O-O 11. Be2 f5 12. d3 Nxc3 13. bxc3 e4 14. dxe4 fxe4
15. Nd4 Qh4 16. Be3 Be5 17. g3 Qf6 18. O-O Bh3 19. Bg4 Bxf1 20. Qxf1 c5 21. Ne6
Bxc3 22. Rd1 Rf7 23. Nxc5 Re7 24. Qh3 h6 25. Be6+ Kh8 26. Nxe4 Qxe6 27. Qxe6
Rxe6 28. Nxc3 Nc4 29. Bc5 Rc6 30. Ne4 Re8 31. f3 Rxe4 32. fxe4 Rxc5 0-1